¡Extraños visitantes! /

¿Existen hadas, gnomos, duendes y elfos? Muchos, incluido Adam, dirían que no. Sin embargo, un día, una auténtica avalancha de seres mágicos invade los bosques que rodean el pueblo. Al principio, solo cometen algunas travesuras que llevan a Adam y a sus amigos a investigar el origen de esas sorprend...

Descripción completa

Guardado en:
Autor Principal: Pike, Christopher.
Otros Autores: Di Maso, Pablo; trad.
Formato: Libro
Idioma:Undetermined
Publicado: Barcelona : Ediciones, 1997.
Edición:1a ed.
Series:Fantasville ; 8
Materias:
Etiquetas: Agregar Etiqueta
Sin Etiquetas, Sea el primero en etiquetar este registro!
LEADER 01355nam a22002295a 4500
001 CEM.cems021125
008 240429s1997####sp############000#0#und#d
005 20240429180644.0
245 1 0 |a ¡Extraños visitantes! /  |c Christopher Pike ; traducido por Pablo Di Maso. 
250 |a 1a ed. 
260 |a Barcelona :  |b Ediciones,  |c 1997. 
300 |a 128 p. 
490 1 |a Fantasville ;  |v 8 
500 |a Título original: Spooksville #8: The Little People. 
520 |a ¿Existen hadas, gnomos, duendes y elfos? Muchos, incluido Adam, dirían que no. Sin embargo, un día, una auténtica avalancha de seres mágicos invade los bosques que rodean el pueblo. Al principio, solo cometen algunas travesuras que llevan a Adam y a sus amigos a investigar el origen de esas sorprendentes apariciones. Sin embargo, no todos aquellos seres son inofensivos. Algunos pueden ser malvados e incluso...letales. Muy pronto Adam, Sally, Watch y Cindy deberán luchar con coraje por sus vidas. ¿De dónde proceden esas increíbles criaturas? ¿Cómo harán Adam y sus amigos para obligarles a regresar a su mundo? 
020 |a 8440672306 
100 1 |a Pike, Christopher. 
700 1 |a Di Maso, Pablo; trad. 
653 |a Literatura estadounidense 
653 |a Novela juvenil 
653 |a Literatura juvenil 
859 |a CEMS  |b BIB. CEMS - Inicial y Primaria  |h 813.5  |i P635  |k IP  |p 4660  |t Ej.1